Metodika pilotného výcviku traťové lety VFR

Bibliographic Details
Main Authors: Teichertová, Adéla (Author), Topolčány, Roman, 1978- (Author)
Format: Book
Language:Slovak
Published: V Žiline EDIS-vydavateľstvo UNIZA 2023
Edition:Vydanie prvé
Subjects:

MARC

LEADER 00000cam a2200000 4500
001 vtls012254999
003 SK-MaSNL
005 20260301040030.0
008 240419s2023 xo oablfrnf 000 0 slo
015 |a SNBA2024/05 
020 |a 9788055420684  |q (brožované) 
040 |a SNK  |b slo  |c SNK  |e rda 
041 0 |a slo 
044 |a xo  |c SK 
072 7 |a 629  |x Dopravné prostriedky  |2 konspekt 
080 |a 629.7  |2 2011 
080 |a (072)  |2 2011 
080 |a 629.7.072.116  |2 2011 
080 |a 355.542.5  |2 2011 
080 |a 629.7.07  |2 2011 
080 |a 629.7.071  |2 2011 
100 1 |a Teichertová, Adéla  |4 aut  |9 339510 
245 1 0 |a Metodika pilotného výcviku  |b traťové lety VFR  |c Adéla Teichertová, Roman Topolčány 
246 1 |i Názov z tiráže:  |a Metodika pilotného výcviku - Traťové lety VFR 
250 |a Vydanie prvé 
264 1 |a V Žiline  |b EDIS-vydavateľstvo UNIZA  |c 2023 
300 |a 69 strán  |b fotografie, grafy, ilustrácie, mapy, tabuľky  |c 30 cm 
336 |a text  |b txt  |2 rdacontent 
337 |a bez média  |b n  |2 rdamedia 
338 |a zväzok  |b nc  |2 rdacarrier 
366 |e 100 kusov 
500 |a Vydala Žilinská univerzita v Žiline v EDIS-vydavateľstve UNIZA 
500 |a Obsahuje zoznam obrázkov 
500 |a Obsahuje zoznam skratiek 
500 |a Obsahuje zoznam tabuliek 
500 |a Obsahuje zoznam symbolov 
500 |a Obsahuje zoznam termínov 
504 |a Obsahuje bibliografiu na strane 69 
650 0 7 |a letectvo  |2 SNKPH  |9 23632 
650 0 7 |a letecká navigácia  |2 SNKPH  |9 85234 
650 0 7 |a letecký výcvik  |2 SNKPH  |9 67530 
650 0 7 |a lietanie  |2 SNKPH  |9 29744 
650 0 7 |a letový plán  |2 SNKPH  |9 109789 
650 0 7 |a Flying  |2 SNKPHeng  |9 326633 
650 0 7 |a Aviation  |2 SNKPHeng  |9 265900 
650 0 7 |a Air navigation  |2 SNKPHeng  |9 316237 
650 0 7 |a Flight training  |2 SNKPHeng  |9 339511 
650 0 7 |a Flight planning  |2 SNKPHeng  |9 339512 
655 7 |a metodické príručky  |2 SNKPH  |9 70250 
655 7 |a Methodological manuals  |2 SNKPHeng  |9 270866 
700 1 |a Topolčány, Roman,  |d 1978-  |4 aut  |9 242260 
710 2 |a Žilinská univerzita v Žiline  |4 pbl  |9 165741 
752 |a Slovensko  |d Žilina 
852 |a Slovenská národná knižnica 
919 |a 978-80-554-2068-4 
954 |a odborná, vedecká literatúra pôvodná (slovenská)  |2 lita 
958 |a NB 
999 |c 585321  |d 587251 
952 |a SNK  |b SNK  |y PREZ  |7 0  |p 17A1546742  |o snkSB 100288  |i snk2024/6513  |8 0  |0 0  |1 0  |4 0  |d 2024-04-24  |f 1  |l 0  |r 2025-05-19 00:00:00  |w 2026-02-23 
952 |a SNK  |b SNK  |y VYP  |7 0  |p 17A1546743  |o snkSB 100288 D1  |i snk2024/6514  |8 3  |g 8.82  |0 0  |1 0  |4 0  |d 2024-04-24  |l 0  |r 2026-02-23 15:06:13  |w 2026-02-23